European sourcebook of crime and criminal justice statistics / 2006

Gespeichert in:  
Bibliographische Detailangaben
Medienart: Druck Buch Statistik
Sprache:Englisch
Veröffentlicht: 2006
In: European sourcebook of crime and criminal justice statistics
Jahr: 2006
Ausgabe:3. ed.
Bestand in Tübingen:In Tübingen vorhanden.
UB: ZA 10231-2.2003=1995/2000
Verfügbarkeit prüfen: HBZ Gateway
Subito Bestelldienst: Jetzt bestellen.
Schlagwörter:
Parallele Ausgabe:Elektronisch

MARC

LEADER 00000cam a2200000 cc4500
001 132589558X
003 DE-627
005 20230914163436.0
007 tu
008 060804s2006 xx ||||| s 00| ||eng c
020 |a 9054547332  |9 90-5454-733-2 
020 |a 9789054547334  |9 978-90-5454-733-4 
035 |a (DE-627)132589558X 
035 |a (DE-576)255895585 
035 |a (DE-599)BSZ255895585 
040 |a DE-627  |b ger  |c DE-627  |e rakwb 
041 |a eng 
084 |a 2,1  |2 ssgn 
084 |a PH 8100  |2 rvk  |0 (DE-625)rvk/136490: 
245 0 0 |a European sourcebook of crime and criminal justice statistics  |n 2006 
250 |a 3. ed. 
264 1 |c 2006 
300 |a 173 S. 
336 |a Text  |b txt  |2 rdacontent 
337 |a ohne Hilfsmittel zu benutzen  |b n  |2 rdamedia 
338 |a Band  |b nc  |2 rdacarrier 
490 1 |a Onderzoek en beleid / Wetenschappelijk Onderzoek- en Documentatiecentrum  |v 241 
650 0 7 |0 (DE-588)4033178-7  |0 (DE-627)10458503X  |0 (DE-576)209000511  |a Kriminalität  |2 gnd 
650 0 7 |0 (DE-588)4047577-3  |0 (DE-627)106194216  |0 (DE-576)209073985  |a Prozess  |2 gnd 
650 0 7 |0 (DE-588)4056995-0  |0 (DE-627)106152955  |0 (DE-576)209119799  |a Statistik  |2 gnd 
651 7 |0 (DE-588)4015701-5  |0 (DE-627)104289007  |0 (DE-576)208913092  |a Europa  |2 gnd 
655 7 |a Statistik  |y 2000-2003  |z Europa  |0 (DE-588)4056995-0  |0 (DE-627)106152955  |0 (DE-576)209119799  |2 gnd-content 
773 1 8 |a European sourcebook of crime and criminal justice statistics  |w (DE-627)377276103  |w (DE-576)109184793  |w (DE-600)2132358-6  |g 2006  |q 2006  |7 nnas 
776 0 8 |i Erscheint auch als  |n Online-Ausgabe  |t European sourcebook of crime and criminal justice statistics ; 2006  |b third edition  |d 2006  |h 1 Online-Ressource (174 Seiten)  |w (DE-627)1557891273  |w (DE-576)487891279  |k Electronic 
810 2 |a Wetenschappelijk Onderzoek- en Documentatiecentrum  |g Den Haag  |t Onderzoek en beleid  |v 241  |9 241  |w (DE-627)331744325  |w (DE-576)468389032  |w (DE-600)2052295-2  |x 0923-6414  |7 am 
936 r v |a PH 8100  |b Statistisches Material  |k Rechtswissenschaft  |k Strafrecht, Strafverfahrensrecht, Kriminologie  |k Kriminologie  |k Kriminalstatistik  |k Statistisches Material  |0 (DE-627)1271995832  |0 (DE-625)rvk/136490:  |0 (DE-576)201995832 
951 |a MV 
ELC |b 1 
LOK |0 000 xxxxxcx a22 zn 4500 
LOK |0 001 2513532643 
LOK |0 003 DE-627 
LOK |0 004 132589558X 
LOK |0 005 20110527150815 
LOK |0 008 060804||||||||||||||||ger||||||| 
LOK |0 040   |a DE-21  |c DE-627  |d DE-21 
LOK |0 852   |a DE-21 
LOK |0 852 1  |c ZA 10231-2.2003=1995/2000  |9 00 
LOK |0 938   |l 04/08/06  |8 6 
LOK |0 939   |a 04-08-06  |b l01 
LOK |0 000 xxxxxcx a22 zn 4500 
LOK |0 001 252602448X 
LOK |0 003 DE-627 
LOK |0 004 132589558X 
LOK |0 005 20070131111227 
LOK |0 008 070131||||||||||||||||ger||||||| 
LOK |0 040   |a DE-21-110  |c DE-627  |d DE-21-110 
LOK |0 541   |e 06/341 
LOK |0 852   |z Internet-Ausdruck 
LOK |0 852   |a DE-21-110 
LOK |0 852 1  |c H IV 43  |m p  |9 00 
LOK |0 936ln  |a 6.1.3 
LOK |0 938   |k p 
LOK |0 939   |a 31-01-07  |b l01 
LOK |0 000 xxxxxcx a22 zn 4500 
LOK |0 001 2514241596 
LOK |0 003 DE-627 
LOK |0 004 132589558X 
LOK |0 005 20061009102739 
LOK |0 008 060816||||||||||||||||ger||||||| 
LOK |0 040   |a DE-Frei85  |c DE-627  |d DE-Frei85 
LOK |0 852   |a DE-Frei85 
LOK |0 852 1  |m p  |9 00 
LOK |0 938   |k p 
LOK |0 939   |a 16-08-06  |b l01 
LOK |0 000 xxxxxcx a22 zn 4500 
LOK |0 001 4375955848 
LOK |0 003 DE-627 
LOK |0 004 132589558X 
LOK |0 005 20230914154231 
LOK |0 008 230914||||||||||||||||ger||||||| 
LOK |0 040   |a DE-2619  |c DE-627  |d DE-2619 
LOK |0 092   |o n 
LOK |0 852   |a DE-2619 
LOK |0 852 1  |9 00 
LOK |0 935   |a stat 
LOK |0 939   |a 14-09-23  |b l01 
ORI |a SA-MARC-krimdoka001.raw 
SIG |a UB: ZA 10231-2.2003=1995/2000 
TIM |a 100020000101_100020031231  |b 2000 - 2003